| 000 | 00499nam a2200205Ia 4500 | ||
|---|---|---|---|
| 008 | 170203s9999 xx 000 0 und d | ||
| 020 | _a9628824031 | ||
| 050 | _a0 30 | ||
| 050 | _bT583u 2005 | ||
| 245 | 4 | _aThe Universe / | |
| 245 | _cTime-Life Books. | ||
| 260 | _aAlexandria, Va : | ||
| 260 | _bTime-Life Books, | ||
| 260 | _c2005 | ||
| 300 | _a127 pages : | ||
| 300 | _billustrations, color. | ||
| 300 | _c 29 cm. | ||
| 440 | _aTime-Life student library. | ||
| 650 | _aAstronomy. | ||
| 999 |
_c305810 _d305810 |
||